| 000 | 00843nam a22001337a 4500 | ||
|---|---|---|---|
| 040 | _cRUA | ||
| 082 | _aFOR KAO 2017 B544 Or.1 | ||
| 100 | _aKAO KAKVEY,កៅ កវី | ||
| 245 | _astudy on management at koh tada sachang waterfall natural tourism resort in makprang commune, teuk chhou district, kampot province ,សិក្សាពីការគ្រប់គ្រង់តំបន់រមណីយដ្ឋានទេសចរណ៍ធម្មជាតិទិកធ្លាក់ កោះតាជាសច្ចំ ស្ថិតនៅឃុំម៉ាក់ប្រាង្គ ស្រុកទឹកឈូ ខេត្តកំពត | ||
| 260 |
_aRUA _bphnom penh _cRUA |
||
| 300 |
_aix;41p; _bill; _c29cm; |
||
| 856 | _uhttps://drive.google.com/file/d/154Gf3lJxMvPEBQlv1dyp61vTnDEQyQil/view?usp=sharing | ||
| 942 | _cFOR | ||
| 999 |
_c19243 _d19243 |
||